LEADER 01310nam--2200373---450- 001 990003435810203316 005 20100818121746.0 010 $a978-88-8103-668-4 035 $a000343581 035 $aUSA01000343581 035 $a(ALEPH)000343581USA01 035 $a000343581 100 $a20100818d2009----km-y0itay50------ba 101 $aita 102 $aIT 105 $a||||||||001yy 200 1 $a<> primi italiani in America del Nord$edizionario biografico dei liguri, piemontesi e altri$estorie e presenze italiane tra Settecento e Ottocento$fFondazione Casa America$gricerca coordinata da Chiara Vangelista 210 $aReggio Emilia$cDiabasis$d2009 215 $a183 p., [7] carte di tav.$cill.$d21 cm 225 2 $aMonfalcone Studium 410 0$12001$aMonfalcone Studium 454 0$12001 606 0 $aImmigrati italiani$yStati Uniti d'America$zSec. 18.-19.$xBiografie$2BNCF 676 $a305.851073 710 02$aFONDAZIONE CASA AMERICA$0608442 801 0$aIT$bsalbc$gISBD 912 $a990003435810203316 951 $aX.2.B. 1997$b4797 L.G.$cX.2.B.$d00281381 959 $aBK 969 $aUMA 979 $aALESSANDRA$b90$c20100818$lUSA01$h1215 979 $aALESSANDRA$b90$c20100818$lUSA01$h1217 996 $aPrimi italiani in America del Nord$91110566 997 $aUNISA LEADER 01296nam 2200349z- 450 001 9910694042603321 005 20161209103647.0 035 $a(CKB)5860000000028369 035 $a(BIP)010503939 035 $a(EXLCZ)995860000000028369 100 $a20220406c2004uuuu -u- - 101 0 $aeng 200 10$aMercury emissions $estate of the science and technology : hearing before the Subcommittee on Environment, Technology, and Standards of the Committee on Science, House of Representatives, One Hundred Eighth Congress, first session, November 5, 2003 215 $a1 online resource (iv, 100 p.) $cill 311 $a0-16-071511-3 517 $aMercury emissions 606 $aMercury$xEnvironmental aspects$zUnited States 606 $aMercury$xToxicology$zUnited States 606 $aCoal-fired power plants$xEnvironmental aspects$zUnited States 606 $aAir quality management$zUnited States 610 $aMercury 610 $aAir quality 610 $aMedical 610 $aScience 615 0$aMercury$xEnvironmental aspects 615 0$aMercury$xToxicology 615 0$aCoal-fired power plants$xEnvironmental aspects 615 0$aAir quality management 906 $aBOOK 912 $a9910694042603321 996 $aMercury emissions$93120877 997 $aUNINA